| 000 | 00433ntaaa2200181 4500 | ||
|---|---|---|---|
| 003 | 01 | ||
| 005 | 20251027201154.0 | ||
| 008 | 0714s1973 ag 01 | ||
| 040 |
_aAR-BaBN _bspa _cAR-BaBN _eaacr _dRIC |
||
| 082 | _a220.0912 St7s | ||
| 245 | _aThe story of the english Bible | ||
| 250 | _a1 ed. | ||
| 260 |
_aLondon : _bBible Society, _c1979 |
||
| 300 | _a15 p. | ||
| 500 | _a(cubierta) | ||
| 650 |
_aBiblia-Historia _94093 |
||
| 942 | _cBK | ||
| 999 |
_c5971 _d5971 |
||